1967 1450 1950 1541 1238 1741 1138 1534 1715 1304 1882 1507 1564 1996 1024 1030 1388 1184 1029 1512 1527 1815 1865 1824 1848 1999 1996 1441 1224 1286 1553 1239 1798 1278 1149 1095 1042 1340 1260 1486 1291 1838 1990 1846 1717 1462 1449 1211 1124 1074 1279 1950 1081 1228 1454 1449 1198 1032 1566 1402 1010 1552 1565 1706 1252 1963 1951 1853 1202 1372 1795 1403 1108 1182 1313 1956 1448 1782 1270 1703 1268 1054 1578 1250 1989 1437 1443 1777 1275 1225 1543 1911 1689 1004 1180 1482 1372 1667 1444 BCNSPRNW ULIB Ver.6.0+V

เปลี่ยนเป็นภาษาไทย

Change to English
 แสดงรายละเอียดบรรณานุกรม
  กลับหน้าหลัก

Brief Record : Get Marc (ISO 2709) : E-mail record : QR code < ปิดหน้าต่าง
LEADER : 00000nam 2200000uu 4500
001    13399122582
003     ULIB
008    020711s2553 th a 000 0 tha d
099    วจ.WX153^bว494ศ
100    วาณี โพธิ์นคร
110    วิทยาลัยพยาบาลบรมราชชนนี สวรรค์ประชารักษ์ นครสวรรค์
245    ศักยภาพการบริการของหน่วยบริการปฐมภูมิที่ได้รับการสนับสนุนงบประมาณเหมาจ่ายเพิ่มเติม ของสำนักงานหลักประกันสุขภาพแห่งชาติ. /^cวาณี โพธิ์นคร และคณะ
260    นครสวรรค์ :^bวิทยาลัยพยาบาลบรมราชชนนี สวรรค์ประชารักษ์ นครสวรรค์,^c2553
300    82 หน้า
650    ศักยภาพ^xหน่วยบริการปฐมภูมิ
945    ^p0^l0^i20026
999    ^aกัณชพร
รายการนี้ยังไม่มีแท็ก
คุณยังไม่ได้ล็อกอิน คุณสามารถมีกิจกรรมร่วมกับเว็บไซต์ได้ แต่ต้องล็อกอินก่อน ::
  ล็อกอิน

รายการสื่อสารสนเทศ

ลำดับที่ ประเภท เลขเรียก/บาร์โค้ด สถานที่ สถานะ
1. งานวิจัย
งานวิจัย
วจ.WX153 ว494ศ ฉ.1 
  Barcode: 20026
ห้องสมุดวิทยาเขตสวรรค์ประชารักษ์
►วิจัย
บนชั้น

รายการใกล้เคียง
    ผู้แต่ง [วาณี โพธิ์นคร]

BibComment


ยังไม่เคยถูกคอมเมนท์

คอมเมนท์ทรัพยากรรายการนี้
  คอมเมนท์: ศักยภาพการบริการข..


 Copyright 2026. Bcnsprnw @Library